Представление документа в формате RUSMARC

ПолеНазваниеЗначение
  Тип записи a
  Библиографический уровень a
001 Контрольный номер RU/CBS_UL/BASE/3ad3fcedd3094e2099972383417f8eff
005 Дата корректировки 20250928232912.1
100 Данные общей обработки __
a Данные общей обработки 20250928 ||| 0rusy0189 ca
101 Язык документа 0_
a Язык текста rus
102 Страна публикации __
a Страна публикации RU
200 Заглавие и сведения об ответственности 1_
a Заглавие Жизнь в кредит
e Сведения, относящиеся к заглавию [о том, как не попасть в кредитную ловушку]
300 Общие примечания __
a Общие примечания 16+
461 Уровень набора _0
1 2000
a Дарья
463 Уровень физической единицы _0
1 001RU/CBS_UL/BASE/b354d1027e3648938d158b036dfae317
1 2000
a № 15
v С.
1 210
d 2025
606 Тематические рубрики 0_
a Основная рубрика Кредитование - Российская Федерация
610 Ключевые слова 0_
a Ключевые слова кредиты; кредитование; финансовые проблемы; кредитные карты; кредитные ловушки
686 Индексы других классификаций __
2 Код системы rubbk
a Классификационный индекс 65.26
801 Источник записи _0
a Страна RU
b Организация МБУК ЦБС г. Ульяновска
c Дата составления 20250928
g Правила каталогизации RCR
801 Источник записи _1
a Страна RU
b Организация МБУК ЦБС г. Ульяновска
c Дата составления 20250928
g Правила каталогизации RCR
901 Тип документа __
t Тип документа b
w Контрольный № источника RU/CBS_UL/BASE/b354d1027e3648938d158b036dfae317
909 Создатель записи __
a Создатель записи lib1